| 000 | 00737nam a22001577a 4500 | ||
|---|---|---|---|
| 999 |
_c56934 _d56934 |
||
| 005 | 20190626153812.0 | ||
| 008 | 190626s1955 ||||| |||| 00| 0 d | ||
| 041 | _arus | ||
| 245 |
_aЭнциклопедический словарь : В 3 томах : Т. 3 : Пращур — Яя. / _c Гл. ред. Б. А. Введенский. |
||
| 264 |
_aМосква : _b Большая сов. энцикл., _c1955. |
||
| 300 |
_a744 с.: _b ил. _c28 см. |
||
| 653 | _a Энциклопедический словарь | ||
| 653 | _aენციკლოპედიური ლექსიკონი | ||
| 700 |
_aВведенский, Б. А. _eმთავარი რედაქტორი _92968 |
||
| 942 |
_2udc _cBK |
||